The politics of globalization : (Record no. 353880)
[ view plain ]
| 000 -LEADER | |
|---|---|
| fixed length control field | 01275nam a2200253 a 4500 |
| 001 - CONTROL NUMBER | |
| control field | ASIN0618395997 |
| 003 - CONTROL NUMBER IDENTIFIER | |
| control field | OSt |
| 005 - DATE AND TIME OF LATEST TRANSACTION | |
| control field | 20180116192420.0 |
| 008 - FIXED-LENGTH DATA ELEMENTS--GENERAL INFORMATION | |
| fixed length control field | 140128s2006 xxu eng d |
| 020 ## - INTERNATIONAL STANDARD BOOK NUMBER | |
| International Standard Book Number | 0618395997 (paperback) |
| Terms of availability | $94.95 |
| 020 ## - INTERNATIONAL STANDARD BOOK NUMBER | |
| International Standard Book Number | 9780618395996 (paperback) |
| 040 ## - CATALOGING SOURCE | |
| Transcribing agency | sada |
| 050 04 - LIBRARY OF CONGRESS CALL NUMBER | |
| Classification number | JZ1318 |
| 082 04 - DEWEY DECIMAL CLASSIFICATION NUMBER | |
| Classification number | 327.101 |
| 100 1# - MAIN ENTRY--PERSONAL NAME | |
| Personal name | Kesselman, Mark. |
| 9 (RLIN) | 7266 |
| 245 14 - TITLE STATEMENT | |
| Title | The politics of globalization : |
| Remainder of title | a reader / |
| Statement of responsibility, etc. | Mark Kesselman. |
| 250 ## - EDITION STATEMENT | |
| Edition statement | 1st ed. |
| 260 ## - PUBLICATION, DISTRIBUTION, ETC. | |
| Place of publication, distribution, etc. | [S.l.] : |
| Name of publisher, distributor, etc. | Houghton Mifflin, |
| Date of publication, distribution, etc. | 2006. |
| 300 ## - PHYSICAL DESCRIPTION | |
| Extent | 528 p. ; |
| Dimensions | 24 cm. |
| 520 ## - SUMMARY, ETC. | |
| Summary, etc. | The broad range of selections in this reader gives students a foundation for understanding globalization. Each of the four sections--an introduction to the topic; political economy; civil society; and governance--examine the national and intra-national implications of globalization. The readings present views both for and against globalization and include scholarly discussions and a diverse range of selections on emerging topics. The writing style and format of the readings make them accessible to students at all levels of understanding. |
| 650 #0 - SUBJECT ADDED ENTRY--TOPICAL TERM | |
| Topical term or geographic name entry element | Globalization |
| 9 (RLIN) | 7267 |
| 856 40 - ELECTRONIC LOCATION AND ACCESS | |
| Materials specified | Amazon.com |
| Uniform Resource Identifier | <a href="http://www.amazon.com/exec/obidos/ASIN/0618395997/chopaconline-20">http://www.amazon.com/exec/obidos/ASIN/0618395997/chopaconline-20</a> |
| 942 ## - ADDED ENTRY ELEMENTS (KOHA) | |
| Source of classification or shelving scheme | |
| Koha item type | Book |
| Withdrawn status | Lost status | Source of classification or shelving scheme | Damaged status | Not for loan | Permanent Location | Current Location | Date acquired | Total Checkouts | Full call number | Barcode | Date last seen | Cost, replacement price | Price effective from | Koha item type |
|---|---|---|---|---|---|---|---|---|---|---|---|---|---|---|
| School of Art Design and Architecture (SADA) | School of Art Design and Architecture (SADA) | 01/23/2014 | 327.101 KES 2006 | SADA0002204 | 01/05/2017 | 9473.35 | 01/05/2017 | Book |
